Case Studies In Information Technology & Systems (Record no. 313474)

MARC details
000 -LEADER
fixed length control field 00463nam a2200181Ia 4500
008 - FIXED-LENGTH DATA ELEMENTS--GENERAL INFORMATION
fixed length control field 230718s9999 xx 000 0 und d
041 ## - LANGUAGE CODE
Language code of text/sound track or separate title eng
082 ## - DEWEY DECIMAL CLASSIFICATION NUMBER
Item number GEO
100 ## - MAIN ENTRY--PERSONAL NAME
Personal name George S.S.
245 ## - TITLE STATEMENT
Title Case Studies In Information Technology & Systems
250 ## - EDITION STATEMENT
Edition statement REVISE
260 ## - PUBLICATION, DISTRIBUTION, ETC. (IMPRINT)
Date of publication, distribution, etc. 2005
Name of publisher, distributor, etc. ICFAI Books
300 ## - PHYSICAL DESCRIPTION
Extent 380
Accompanying material [OBSOLETE, CAN/MARC] Ref 1158 C (24681)
365 ## - TRADE PRICE
Currency code Rs.
Price amount 1000.00
500 ## - GENERAL NOTE
Keywords 1158 C
700 ## - ADDED ENTRY--PERSONAL NAME
Personal name George S.S.
906 ## - LOCAL DATA ELEMENT F, LDF (RLIN)
d 18/4/06/IPRESS/2006
c COMP
Holdings
Withdrawn status Lost status Source of classification or shelving scheme Reference No Damaged status Not for loan Home library Current library Date acquired Vendor Budget Code Cost, normal purchase price Bill number Full call number Barcode Date last seen Cost, replacement price Bill Date Koha item type Original Barcode
    Dewey Decimal Classification Ref 1158 C (24681)   Reference Cummins College of Engineering for Women Pune Cummins College of Engineering for Women Pune 28/04/2006 ICFAI Branch COMP 1000.00 18/4/06/IPRESS/2006 GEO CCEP-BK-24681 18/07/2023 1000.00 12/04/2006 Books 024681